Hình tượng Trầu Cau trong ca dao người Việt

Từ tục ăn trầu đến hình tượng Trầu Cau trong ca dao người Việt. Tục ăn trầu của người Việttrong ca dao. Ý nghĩa văn hóa từ hình tượng Trầu Cau trong ca dao người Việt

Guardat en:
Dades bibliogràfiques
Autor principal: Nguyễn, Thị Huyền
Altres autors: Lê, Đức Luận TS (Hướng dẫn)
Format: Llibre
Idioma:Vietnamese
Publicat: Đại học Đà Nẵng Trường đại học Sư Phạm 2008
Col·lecció:Khóa luận tốt nghiệp đại học. Chuyên ngành: Cử nhân Văn học
Matèries:
Etiquetes: Afegir etiqueta
Sense etiquetes, Sigues el primer a etiquetar aquest registre!
Thư viện lưu trữ: Mạng thư viện Đại học Đà Nẵng
LEADER 01505nam a2200349 4500
001 000011593
003 7846
005 20120207100234.0
008 120207s2008 viesd
041 |a vie 
072 |a Khóa luận tốt nghiệp 
082 |a 895.9221  |b NG-H 
100 |a Nguyễn, Thị Huyền 
245 |a Hình tượng Trầu Cau trong ca dao người Việt  |c Nguyễn, Thị Huyền 
260 |a Đại học Đà Nẵng  |b Trường đại học Sư Phạm  |c 2008 
300 |a 70 tr.  |c 29 cm 
490 |a Khóa luận tốt nghiệp đại học. Chuyên ngành: Cử nhân Văn học 
500 |a Tham khảo tr. 69 - 70 
520 |a Từ tục ăn trầu đến hình tượng Trầu Cau trong ca dao người Việt. Tục ăn trầu của người Việttrong ca dao. Ý nghĩa văn hóa từ hình tượng Trầu Cau trong ca dao người Việt 
653 |a Khóa luận tốt nghiệp đại học 
653 |a Khoa Ngữ văn 
700 |a Lê, Đức Luận  |c TS  |e Hướng dẫn 
OWN |a LSP 
AVA |a UDN50  |b LSP  |d 895.9221 NG-H  |e available  |t Error 5001 Not defined in file expand_doc_bib_avail.  |f 1  |g 0  |h N  |i 0  |k 1 
999 |a From the UDN01 
AVA |a UDN50  |b LSP  |d 895.9221 NG-H  |e available  |t Error 5001 Not defined in file expand_doc_bib_avail.  |f 1  |g 0  |h N  |i 0  |k 1 
TYP |a Monograph 
TYP |a Printed language 
980 |a Mạng thư viện Đại học Đà Nẵng